| 000 | 00501nam a22001697a 4500 | ||
|---|---|---|---|
| 003 | OSt | ||
| 005 | 20140310181748.0 | ||
| 008 | 130625t xxu||||| |||| 00| 0 eng d | ||
| 020 | _a1904534457 | ||
| 050 |
_a QA 43 _b.L933 2007 |
||
| 100 |
_aLucas, lan _914655 |
||
| 245 |
_aIB Mathematics : _clan Lucas _bstandard level international baccalaureate revision guide / |
||
| 260 |
_aUK : _bOxford study courses limited, _cc2007. |
||
| 300 |
_a78 p;. _bill.; _c30 cm. |
||
| 942 |
_2lcc _cIB _eIB |
||
| 999 |
_c3080 _d3080 |
||